Aftercare comme motivation et catalyseur des investissements directs étrangers diplomová práca

Salvato in:
Dettagli Bibliografici
Autore principale: Jurikovič, Andrej
Ente Autore: Ekonomická univerzita v Bratislave. Ústav medzinárodných programov
Altri autori: Kita, Pavol
Natura: Libro
Lingua:francese
Pubblicazione: Bratislava 2011
Tags: Aggiungi Tag
Nessun Tag, puoi essere il primo ad aggiungerne!!

MARC

LEADER 00000nam a2200000 4500
001 0150009
005 20240318114910.6
041 0 |a fre 
044 |a SK 
245 1 0 |a Aftercare comme motivation et catalyseur des investissements directs étrangers  |b diplomová práca  |c Andrej Jurikovič ; školiteľ: Pavol Kita 
264 1 |a Bratislava  |c 2011 
300 |a 78 s. 
100 1 |a Jurikovič, Andrej 
700 1 |a Kita, Pavol 
710 2 |a Ekonomická univerzita v Bratislave. Ústav medzinárodných programov